000 01145nam a2200277 a 4500
001 ebr10493970
003 CaPaEBR
006 m u
007 cr cn|||||||||
008 110930s2011 ts a sb 001 0 eng d
020 _z9781608052752
040 _aCaPaEBR
_cCaPaEBR
035 _a(OCoLC)759158917
050 1 4 _aQC243
_b.A73 2011eb
100 1 _aArabadzhi, Vladimir V.
245 1 0 _aSolutions to problems of controlling long waves with the help of micro-structure tools
_h[electronic resource] /
_cauthored by Vladimir V. Arabadzhi.
260 _a[Sharjah, United Arab Emirates :
_bBentham Books,
_c2011]
300 _a173 p. :
_bill.
504 _aIncludes bibliographical references and index.
533 _aElectronic reproduction.
_bPalo Alto, Calif. :
_cebrary,
_d2011.
_nAvailable via World Wide Web.
_nAccess may be limited to ebrary affiliated libraries.
650 0 _aSound-waves.
650 0 _aMicrostructure.
655 7 _aElectronic books.
_2local
710 2 _aebrary, Inc.
856 4 0 _uhttp://site.ebrary.com/lib/rucke/Doc?id=10493970
_zAn electronic book accessible through the World Wide Web; click to view
999 _c232224
_d232224